|
|
|
|
| LEADER |
00000nab a2200000 4500 |
| 001 |
vtls011998966 |
| 003 |
SK-MaSNL |
| 005 |
20260318122145.0 |
| 008 |
201020c2019 xo er|n || ||00 c0ukr |
| 015 |
|
|
|a SNBRB2020/10
|
| 038 |
|
|
|a SVKPOCL
|
| 040 |
|
|
|a SVKPOCL
|b slo
|c SVKPOCL
|e rda
|
| 041 |
0 |
|
|a ukr
|
| 043 |
|
|
|a e-xo---
|
| 044 |
|
|
|a xo
|c SK
|
| 072 |
|
7 |
|a 316.7
|x Sociológia kultúry. Kultúrny život
|2 konspekt
|
| 072 |
|
7 |
|a 908
|x Štúdium oblastí a lokalít všeobecne
|2 konspekt
|
| 080 |
|
|
|a 316.7
|2 2011
|
| 080 |
|
|
|a 796.51
|2 2011
|
| 080 |
|
|
|a 352.075.51
|2 2011
|
| 080 |
|
|
|a (437.6)
|2 2011
|
| 080 |
|
|
|a 008
|2 2011
|
| 100 |
1 |
|
|a Kimák-Fejko, Peter
|4 aut
|9 1326783
|
| 245 |
1 |
0 |
|a Do Udola bў chotili pryťahnuty molodўch i turistiv
|c Petro Kimak-Fejko
|
| 246 |
3 |
3 |
|a Do Udola bŷ chotili pryťahnuty molodŷch i turistiv
|
| 300 |
|
|
|b Fotografie
|
| 336 |
|
|
|a text
|b txt
|2 rdacontent
|
| 337 |
|
|
|a bez média
|b n
|2 rdamedia
|
| 338 |
|
|
|a zväzok
|b nc
|2 rdacarrier
|
| 500 |
|
|
|a V rubrike Čim žўje naše selo
|
| 648 |
|
7 |
|a 2019
|2 svkpocl
|9 350886
|
| 648 |
|
7 |
|a 1427
|2 svkpocl
|9 1287321
|
| 648 |
|
7 |
|a 1869
|2 svkpocl
|9 567301
|
| 648 |
|
7 |
|a 1934
|2 svkpocl
|9 281683
|
| 650 |
0 |
7 |
|a regionálne dejiny
|2 SNKPH
|9 63645
|
| 650 |
0 |
7 |
|a štúdium lokalít
|2 svkpocl
|9 1088454
|
| 650 |
0 |
7 |
|a dejiny obcí
|2 SNKPH
|9 164834
|
| 650 |
0 |
7 |
|a kultúrna geografia
|2 SNKPH
|9 839
|
| 651 |
|
7 |
|a Slovensko
|2 SNKPHgeo
|9 14231
|
| 651 |
|
7 |
|a Údol (Slovensko)
|2 SNKPHgeo
|9 59217
|
| 773 |
0 |
|
|t NN info Rusyn
|g Roč. XVI (28), č. 18 (2019), s. 9
|x 2454-0013
|
| 852 |
|
|
|a SVKPO
|b KIS3GCP
|
| 856 |
4 |
2 |
|y Elektronický archív Info Rusyna je dostupný na: http://www.rusyn.sk
|
| 958 |
|
|
|a RN
|
| 958 |
|
|
|a SS
|
| 958 |
|
|
|a SK
|
| 958 |
|
|
|a BX
|
| 958 |
|
|
|a NM
|
| 999 |
|
|
|c 3014921
|d 3016851
|